| 000 | 01835cam a2200397 a 4500 | ||
|---|---|---|---|
| 001 | 7457942 | ||
| 005 | 20170105102850.0 | ||
| 008 | 090909s2009 enkb b 000 0 eng c | ||
| 010 | _a 2009483846 | ||
| 020 | _a9780415562607 | ||
| 020 | _a0415562600 | ||
| 024 | _a40017214215 | ||
| 035 |
_a(OCoLC)435509127 _z(OCoLC)428031358 |
||
| 035 | _a(OCoLC)ocn435509127 | ||
| 035 | _a(NNC)7457942 | ||
| 040 |
_aAU@ _cAU@ _dDLC _dBTCTA _dBWK _dJYJ _dAFQ _dUKM _dPUL _dYDXCP |
||
| 042 | _apcc | ||
| 043 | _aa-pk--- | ||
| 050 | 0 | 0 |
_aDS389 _b.S96 2009 |
| 082 | 4 | _a954.9 | |
| 100 | 1 | _aSynnott, Hilary. | |
| 245 | 1 | 0 |
_aTransforming Pakistan : _bways out of instability / _cHilary Synnott. |
| 260 |
_aAbingdon : _bRoutledge for the International Institute for Strategic Studies, _c2009. |
||
| 300 |
_a199 p. : _bmaps ; _c24 cm. |
||
| 490 | 1 |
_aAdelphi, _x0567-932X ; _v406 |
|
| 504 | _aIncludes bibliographical references. | ||
| 505 | 0 | _aIntroduction -- Ch. 1 The nature of Pakistan -- Ch. 2 Pakistan after 9/11 -- Ch. 3 Internal conflicts -- Ch. 4 Regional relationships: India, China, Saudi Arabia and the Gulf -- Prospects and policies. | |
| 520 | 0 | _aAnalyzes developments in Pakistan's volatile tribal regions, little understood in the West despite their profound implications for regional and international security, and examines the role of past events especially since 11 September 2001 in generating the animosity that many Pakistanis feel towards the West today. | |
| 651 | 0 |
_aPakistan _xPolitics and government _y1988- |
|
| 651 | 0 |
_aPakistan _xForeign relations. |
|
| 830 | 0 |
_aAdelphi (Series) (International Institute for Strategic Studies) ; _v406. |
|
| 856 | 4 | 2 |
_3Publisher description _uhttp://www.loc.gov/catdir/enhancements/fy0917/2009483846-d.html |
| 942 |
_2ddc _cBK |
||
| 948 | 1 |
_a20091110 _bc _cdc21 _dMPS |
|
| 999 |
_c14214 _d14214 |
||